00485nam a2200169 a 4500008004100000020002300041100002500064245007500089260004400164300002700208500002000235650001300255700002000268003000100288005001700289040000900306  a053405028X (hbk. )1 aGustafson, R. David.10aAlgebra for college students /cR. David Gustafson and Peter D. Frisk. aMonterey, Calif. :bBrooks/Cole,c1985. axiii, 546 p. ;c25 cm. aIncludes index. 0aAlgebra.1 aFrisk, Peter D.20230123134449.0 cNUST